Statistics for 20 most populated nordic islands

Click here to take the quiz!

General Stats

  • This quiz has been taken 45 times
    (23 since last reset)
  • The average score is 6 of 20

Answer Stats

PopIsland% Correct
2.36 MZealand
84%
60 kGotland
79%
383 kIceland
74%
476 kFunen
42%
41 kGreenland
42%
57 kLolland
37%
39 kBornholm
32%
219 kAmager
26%
42 kFalster
26%
49 kAls
21%
158 kHisingen
16%
33 kKarmøy
16%
48 kLidingö
16%
297 kNorth Jutlandic Island
16%
104 kSödermalm
16%
41 kTromsøya
16%
70 kVärmdö
16%
61 kKungsholmen
11%
884 kSödertörn
11%
35 kTunøya
11%

Score Distribution

Percentile by Number Answered

Percent of People with Each Score

Your Score History

You have not taken this quiz since the last reset